Largest Municipalities in Georgia by First Letter - Statistics

General Stats
  • This quiz has been taken 7 times
  • The average score is 14 of 25
Answer Stats
First Letter County Population Municipality % Correct
A Fulton 518,107 Atlanta
100%
C Muscogee 198,457 Columbus
100%
S Chatham 147,942 Savannah
100%
M Bibb 156,163 Macon
83%
B DeKalb 58,702 Brookhaven
67%
K Cobb 35,562 Kennesaw
67%
R Fulton 90,880 Roswell
67%
T DeKalb 36,855 Tucker
67%
V Lowndes 54,766 Valdosta
67%
W Houston 87,170 Warner Robins
67%
Z Pike 1,388 Zebulon
67%
D DeKalb 51,779 Dunwoody
50%
E DeKalb 37,919 East Point
50%
F Fayette 20,793 Fayetteville
50%
G Hall 50,393 Gainesville
50%
H Liberty 36,924 Hinesville
50%
J Forsyth 80,123 Johns Creek
50%
Q Brooks 4,022 Quitman
50%
L Troup 33,294 LaGrange
33%
N Coweta 46,324 Newnan
33%
P Gwinnett 42,067 Peachtree Corners
33%
U Fulton 28,344 Union City
33%
Y Towns 606 Young Harris
33%
I Baldwin 1,020 Ivey
17%
O Hall 7,440 Oakwood
17%
No matching quizzes found
Score Distribution
Percent of People with Each Score
Percentile by Number Answered
Your Score History
You have not taken this quiz